Loreto College Library, Kolkata
WEBOPAC (ONLINE PUBLIC ACCESS CATALOGUE)

John Donne (Record no. 20323)

MARC details
000 -LEADER
fixed length control field 00776nam a2200229Ia 4500
005 - DATE AND TIME OF LATEST TRANSACTION
control field 20230109095443.0
008 - FIXED-LENGTH DATA ELEMENTS--GENERAL INFORMATION
fixed length control field 131103s9999 xx 000 0 und d
020 ## - ISBN | অাই এস বি এন
ISBN | অাই এস বি এন 9780802805225
PRICE Rs.598
040 ## - CATALOGING SOURCE
Original cataloging agency Loreto College
Language of cataloging eng
041 ## - LANGUAGE CODE
Language code English
082 ## - DDC | ডিউই
Classification number | বর্গসংখ্যা 821.3
Book Number | গ্রন্থাঙ্ক DON-EDW
100 ## - MAIN ENTRY--PERSONAL NAME | মুখ্য সংলেখ - ব্যাক্তিনাম
Personal name | ব্যাক্তিনাম Edwards, David L.
245 ## - TITLE STATEMENT | অাখ্যা বিবরণী
Title | অাখ্যা John Donne
Sub title | উপঅাখ্যা Man of flesh and spirit
Statement of responsibility | লেখকের দায়িত্বের বিবরণ David L. Edwards
260 ## - IMPRINT | প্রকাশনা ক্ষেত্র
Place of publication | প্রকাশ স্থান Grand Rapids, Michigan
Name of publisher | প্রকাশকের নাম Wm. B. Eerdmans Publishing Co.
Date of publication | প্রকাশ কাল 2002
300 ## - PHYSICAL DESCRIPTION |
Page / Vol. No | পৃষ্ঠা / খন্ড সংখ্যা xiii,368p
Other physical details | অনান্য বাহ্যিক বিবরণ 24 cm
504 ## - BIBLIOGRAPHY, ETC. NOTE
Bibliography, etc Includes bibliographical references and index
600 ## - SUBJECT ADDED ENTRY--PERSONAL NAME | বিষয় শিরোনাম - ব্যাক্তিনাম
Personal name | ব্যাক্তিনাম Donne, John
Dates of Birth / Death | জন্ম / মৃত্যু সন 1572-1631
Form subdivision | রুপগত বিভাগ Biography
630 ## - SUBJECT ADDED ENTRY--UNIFORM TITLE
Uniform title English Literature - History and Criticism, 1572-1631
650 ## - SUBJECT ADDED ENTRY--TOPICAL TERM | বিষয় শিরোনাম - মূল বিষয়
Topical term | মূল বিষয় Poetry in English
Form subdivision | রুপগত বিভাগ History and criticism
Chronological subdivision | কালগত বিভাগ Early modern
850 ## - HOLDING INSTITUTION
Holding institution LCLIB
942 ## - ADDED ENTRY ELEMENTS (KOHA)
Koha item type Books
Holdings
Withdrawn status Lost status Source of classification Damaged status Not for loan Home library Current library Date acquired Total Checkouts Full call number Accession No. Date last seen Date checked out Price effective from Koha item type Coded location qualifier
    Dewey Decimal Classification     Loreto College Loreto College 08/08/2008 3 821.3 DON-EDW 46767 B22192 11/06/2022 03/06/2022 08/08/2008 Books